000 00274 a2200121 4500
000 nam a22 7a 4500
020 _a9780367270223
100 _aSchroll,Craig R
_998
245 _aIndustrial Fire Protection Handbook
250 _a2
260 _bCRC
_c2022
264 _bCRC
999 _c35984
_d35984